| 000 | 00437nam a22001337a 4500 | ||
|---|---|---|---|
| 082 |
_a340 _bBHI |
||
| 100 |
_aBhinder, Senator Ch Muhammad Anwar _951381 |
||
| 245 | _aAlphabetical catalogue of federal laws of Pakistan 1836 to 2014 | ||
| 260 |
_aIslamabad, _bSenate of Pakistan Parliament House, _c2016. |
||
| 300 | _a988p. | ||
| 526 |
_a0 _b0 _c0 _d340_000000000000000_BHI |
||
| 526 |
_a0 _b0 _c0 _d340_000000000000000_BHI |
||
| 942 |
_2ddc _cBK |
||
| 999 |
_c554085 _d554085 |
||